000 00349nam a2200145Ia 4500
008 260223s2024 xx 000 0 und d
020 _a9788190935870
041 _aeng
082 _a610.734/KUM
100 _aKumari Neekam
245 _aCommunity Health Nursing
260 _aNew Delhi
_bPV, Pub
_c2024
300 _a396P
650 _aCommunity
999 _c1216480
_d1216480